000 00521aam a2200181 4500
001 136497
003 ES-MaACL
005 20250921063032.0
007 t|
008 070214s1963 sp r ||||1| spa d
080 _a821.134.2-992"19"
100 1 _aSáenz-Alonso, Mercedes,
_d1918-
_9133055
245 1 0 _aDel Bósforo a Gibraltar /
_cMercedes Sáenz Alonso.
260 _aSan Sebastián :
_bAgora,
_c1963.
300 _a108 p. ;
_c23 cm.
852 _aES-MaACL
_jC-23318
_bR.51890
999 _c136497
_d136497